Taylor Swift - Billion Streams Club - Statistics

General Stats
  • This quiz has been taken 42 times
  • The average score is 4 of 10
Answers on the Grid
Answers color-coded by a green-red scale on the quiz's grid according to % correct below.
Cruel Summer
cardigan
Blank Space
Style
The Fate of Ophelia
august
I Knew You Were Trouble
I Don't Wanna Live Forever
Opalite
Getaway Car
ME!
End Game
Lavender Haze
You're On Your Own Kid
You Belong With Me
Bad Blood
Maroon
the 1
willow
Karma
 
Answer Stats
Answer % Correct
Cruel Summer
67%
The Fate of Ophelia
58%
Blank Space
50%
cardigan
42%
I Knew You Were Trouble
42%
I Don't Wanna Live Forever
33%
august
25%
Karma
17%
Style
17%
willow
17%
No matching quizzes found
Score Distribution
Percent of People with Each Score
Percentile by Number Answered
Your Score History
You have not taken this quiz